Pride and Prejudice (Record no. 351900)

000 -LEADER
fixed length control field 00438nam a22001817a 4500
003 - CONTROL NUMBER IDENTIFIER
control field OSt
005 - DATE AND TIME OF LATEST TRANSACTION
control field 20180116183058.0
008 - FIXED-LENGTH DATA ELEMENTS--GENERAL INFORMATION
fixed length control field 161026b xxu||||| |||| 00| 0 eng d
020 ## - INTERNATIONAL STANDARD BOOK NUMBER
International Standard Book Number 0
040 ## - CATALOGING SOURCE
Transcribing agency 0
082 ## - DEWEY DECIMAL CLASSIFICATION NUMBER
Classification number 823.7 AUS1817
100 ## - MAIN ENTRY--PERSONAL NAME
Personal name Jane Austen
245 ## - TITLE STATEMENT
Title Pride and Prejudice
Statement of responsibility, etc. Jane Austen
260 ## - PUBLICATION, DISTRIBUTION, ETC.
Place of publication, distribution, etc. England
Name of publisher, distributor, etc. Premier Printers
Date of publication, distribution, etc. 1817
300 ## - PHYSICAL DESCRIPTION
Extent 133 p.
Other physical details HB
440 ## - SERIES STATEMENT/ADDED ENTRY--TITLE
Title Pride and Prejudice
942 ## - ADDED ENTRY ELEMENTS (KOHA)
Source of classification or shelving scheme
Koha item type Book
Holdings
Withdrawn status Lost status Source of classification or shelving scheme Damaged status Not for loan Collection code Permanent Location Current Location Shelving location Date acquired Total Checkouts Total Renewals Full call number Barcode Date last seen Date last checked out Price effective from Koha item type
            Central Library (CL) Central Library (CL) General Stacks 10/26/2016 12 6 823.7 AUS1817 NBSD-2917 07/11/2025 06/01/2025 10/26/2016 Book
            Central Library (CL) Central Library (CL) General Stacks 10/26/2016 8   823.7 AUS1817 NBSD-2918 02/20/2026 05/10/2024 10/26/2016 Book
© 2023 Central Library, National University of Sciences and Technology. All Rights Reserved.